00350nam a2200109Ia 4500008004100000082000800041100001200049245006300061942000600124952009500130999001500225240331s9999 xx 000 0 und d bDIR aDirie.W 0aDesert Flower :bThe Extraordinary Life of a Desert Nomad  cL 001040708LaWERCLbWERCLcSSCd2024-03-31l0o 823 DIRp6784r2024-03-31w2024-03-31yL c5798d5798